| 000 | 02525cam a22005537a 4500 | ||
|---|---|---|---|
| 003 | CHAP | ||
| 005 | 20220329140716.0 | ||
| 008 | 971013s1985 r 00010 d | ||
| 010 | _a56342 | ||
| 011 | _a57314 | ||
| 035 | _a61468 | ||
| 040 | _cCHAP | ||
| 082 |
_a632.8 _bS6 |
||
| 110 |
_aSociedad Mexicana de Fitopatología _9108088 |
||
| 245 | 0 | _aTemas en virología | |
| 260 |
_a(Chapingo, Méx.) : _bSociedad Mexicana de Fitopatología, _c1985-19 |
||
| 300 |
_av _b: ilus. |
||
| 500 | _aLa biblioteca tiene : v.1, v.2 | ||
| 590 |
_aBATCH-UPD _b10 _c20130110 _lUCH01 _h0241 |
||
| 590 |
_aBATCH-UPD _b10 _c20130110 _lUCH01 _h1749 |
||
| 590 |
_aBATCH-UPD _b10 _c20130409 _lUCH01 _h2309 |
||
| 590 |
_aBATCH-UPD _b10 _c20130410 _lUCH01 _h1314 |
||
| 590 |
_aBATCH-UPD _b10 _c20130914 _lUCH01 _h1441 |
||
| 590 |
_aCONVERSION _b10 _c20130109 _lUCH01 _h1330 |
||
| 650 | 1 | 4 |
_aFrijol _xVariedades resistentes a plagas. _943450 |
| 650 | 1 | 4 |
_aMaíz _xVariedades resistentes a plagas. _971083 |
| 650 | 1 | 4 |
_aPlantas _xEnfermedades por virus. _988834 |
| 700 | 0 |
_aAlvizo Villasana, Hector Felix. _95042 |
|
| 700 | 0 |
_aGonzález Garza, Ramiro. _948947 |
|
| 700 | 0 |
_aLozoya Saldaña, Héctor. _968826 |
|
| 700 | 0 |
_aRocha Peña, Marco Alberto. _998188 |
|
| 901 | _aBK | ||
| 942 | _cLIBRO | ||
| 949 |
_a632.8 S6 _bBC _cCONG _d-132016 _eCONG _fv.1 c.2 _h68391 _i61468 _si |
||
| 949 |
_a632.8 S6 _bBC _cLIBRO _d33724000007589 _eLIBRO _fv.1 c.11 _h88047 _i61468 _si |
||
| 949 |
_a632.8 S6 _bBC _cLIBRO _d33724000007597 _eLIBRO _fv.1 c.10 _h88646 _i61468 _si |
||
| 949 |
_a632.8 S6 _bBC _cLIBRO _d33724000007605 _eLIBRO _fv.1 c.9 _h88045 _i61468 _si |
||
| 949 |
_a632.8 S6 _bBC _cLIBRO _d33724000007613 _eLIBRO _fv.1 c.8 _h88044 _i61468 _si |
||
| 949 |
_a632.8 S6 _bBC _cLIBRO _d33724000007621 _eLIBRO _fv.1 c.7 _h88043 _i61468 _si |
||
| 949 |
_a632.8 S6 _bBC _cLIBRO _d33724000181715 _eLIBRO _fv.1 c.5 _h81363 _i61468 _si |
||
| 949 |
_a632.8 S6 _bBC _cLIBRO _d33724000181723 _eLIBRO _fv.1 c.4 _h81362 _i61468 _si |
||
| 949 |
_a632.8 S6 _bBC _cLIBRO _d33724000181731 _eLIBRO _fv.1 c.6 _h81364 _i61468 _si |
||
| 949 |
_a632.8 S6 _bBC _cLIBRO _d33724000659975 _eLIBRO _fv.2 c.2 _h70815 _i61468 _si |
||
| 949 |
_a632.8 S6 _bBC _cLIBRO _d33724000766366 _eLIBRO _fv.1 c.3 _h70665 _i61468 _si |
||
| 949 |
_a632.8 S6 _bBC _cLIBRO _d33724002123090 _eLIBRO _fv.1 c.12 _gI.c/e _h111575 _i61468 _st |
||
| 949 |
_a632.8 S6 _bBC _cLIBRO _d33724002123132 _eLIBRO _fv.1 c.13 _gI.c/e _h111576 _i61468 _st |
||
| 949 |
_a632.8 S6 _bBC _cUACH _d-132013 _eUACH _fv.1 _h68390 _i61468 _si |
||
| 949 |
_a632.8 S6 _bBC _cUACH _d-132028 _eUACH _fv.2 _h70814 _i61468 _si |
||
| 999 |
_c56342 _d56342 |
||